Report of the ownership flats enquiry committee (Record no. 489937)

000 -LEADER
fixed length control field 00452cam a22001337a 4500
008 - FIXED-LENGTH DATA ELEMENTS--GENERAL INFORMATION
fixed length control field 180718b1962 xxu||||| |||| 00| 0 eng d
082 ## - DEWEY DECIMAL CLASSIFICATION NUMBER
Classification number XA41x5442 M278
100 ## - MAIN ENTRY--PERSONAL NAME
Personal name Ownership Flats Enquiry Committee
245 ## - TITLE STATEMENT
Title Report of the ownership flats enquiry committee
Statement of responsibility, etc. by Ownership Flats Enquiry Committee, Maharashtra
260 ## - PUBLICATION, DISTRIBUTION, ETC.
Place of publication, distribution, etc. Bombay
Name of publisher, distributor, etc. The author
Date of publication, distribution, etc. 1962
300 ## - PHYSICAL DESCRIPTION
Extent 75+p.
500 ## - GENERAL NOTE
General note Chairman: B.B. Paymaster
700 ## - ADDED ENTRY--PERSONAL NAME
Personal name Paymaster, B.B. (Chairman)
Holdings
Withdrawn status Lost status Damaged status Not for loan Permanent Location Current Location Date acquired Full call number Barcode Date last seen Price effective from Koha item type
        Indian Institute of Public Administration Indian Institute of Public Administration 2018-08-04 XA41x5442 M278 GG848 2018-08-04 2018-08-04 GG

Powered by Koha